Watts Pocket Handbook (Record no. 43761)

MARC details
001 - CONTROL NUMBER
control field 0000
003 - CONTROL NUMBER IDENTIFIER
control field 000
005 - DATE AND TIME OF LATEST TRANSACTION
control field 20251014155622.0
020 ## - INTERNATIONAL STANDARD BOOK NUMBER
International Standard Book Number 9781032966366
040 ## - CATALOGING SOURCE
Description conventions rda
050 ## - LIBRARY OF CONGRESS CALL NUMBER
Classification number TH 151 .W38
100 ## - MAIN ENTRY--PERSONAL NAME
Personal name Rushton, Trevor (editor)
245 ## - TITLE STATEMENT
Title Watts Pocket Handbook
Remainder of title The essential guide to property and construction
Statement of responsibility, etc Edited by Trevor Rushton
250 ## - EDITION STATEMENT
Edition statement 30th edition
264 ## - PUBLICATION, DISTRIBUTION, ETC. (IMPRINT)
Place of publication, distribution, etc London
Name of publisher, distributor, etc Routledge
Date of publication, distribution, etc 2026
300 ## - PHYSICAL DESCRIPTION
Extent xxxix, 725p. ill.
336 ## - CONTENT TYPE
Source rdacontent
338 ## - CARRIER TYPE
Source rdacarrier
504 ## - BIBLIOGRAPHY, ETC. NOTE
Bibliography, etc Includes Index
650 ## - SUBJECT ADDED ENTRY--TOPICAL TERM
Source of heading or term
Form subdivision
651 ## - SUBJECT ADDED ENTRY--GEOGRAPHIC NAME
Source of heading or term
942 ## - ADDED ENTRY ELEMENTS (KOHA)
Source of classification or shelving scheme Library of Congress Classification
Koha item type Books
Holdings
Withdrawn status Lost status Source of classification or shelving scheme Damaged status Not for loan Permanent Location Current Location Date acquired Total Checkouts Full call number Barcode Date last seen Price effective from Koha item type
    Library of Congress Classification     NILE UNIVERSITY OF NIGERIA - MAIN LIBRARY NILE UNIVERSITY OF NIGERIA - MAIN LIBRARY 10/14/2025   TH 151 .W38 2026 0199312 10/14/2025 10/14/2025 Books
    Library of Congress Classification     NILE UNIVERSITY OF NIGERIA - MAIN LIBRARY NILE UNIVERSITY OF NIGERIA - MAIN LIBRARY 10/14/2025   TH 151 .W38 2026 0199313 10/14/2025 10/14/2025 Books